| 000 | 00646nam a22002057a 4500 | ||
|---|---|---|---|
| 003 | OSt | ||
| 005 | 20220928153910.0 | ||
| 008 | 220921b |||||||| |||| 00| 0 eng d | ||
| 040 | _cBiblioteca Lado V | ||
| 082 |
_a702.81 _bF487dut |
||
| 110 |
_aLes Films Courts Neerlandais _91 |
||
| 245 | _aThe Dutch Shorts/ | ||
| 260 |
_aPaises Bajos _bHouse of Shorts _c2006 |
||
| 300 |
_a110p. _c15x20cm |
||
| 490 | _33 | ||
| 650 |
_2Arte, Sociedad, Reflexión/ _aVIDEO ARTE |
||
| 650 |
_2Arte, Sociedad, Reflexión/ _aCINEMATOGRAFIA |
||
| 650 |
_2Arte, Sociedad, Reflexión/ _aPAISES BAJOS |
||
| 942 |
_2ddc _c1 _h702.81 _iF487dut _n0 |
||
| 999 |
_c2129 _d2129 |
||